000 00235nam a2200097Ia 4500
008 190216s9999||||xx |||||||||||||| ||und||
100 _aMadhavikutty
245 0 _aNarichoorukal Parakkumpol
260 _bParishath Book Stall
942 _cBK
999 _c23525
_d23525